000 00603nam a22002297a 4500
003 UA-OsUOA
001 88337
007 ta
008 20121003b un ||||| |||| 00| 0 ukr d
100 _aИбрагимов Н.
090 _a82.09(569.1)
_bИ15
942 _cBK
040 _aUA-OsUOA
_brus
_cUA-OsUOA
_dUA-OsUOA
245 _aАрабский народный роман
300 _a255 с.
955 _a1
041 _arus
080 _a82.09(569.1)
260 _aМ.
_bНаука
_c1984
650 7 _a82 Література. Літературознавство
_2UDC
999 _c374462
_d374462